• 首页
  • 本馆介绍
  • 公告通知
  • 最新文献
  • 馆藏检索
  • 电子资源
  • 读者导购
  • 参考咨询
  • 我的图书馆
  • 登录
  • 详细信息显示
  • 放入我的书架
  • 预约/预借图书
  • 作者相关作品
  • 分类相关作品
  • 丛书相关作品
  • 出版社相关作品

书目信息

  • 表格格式
  • 工作单格式
  • 卡片格式
题名:
新编大学生健康教育与急救教程
    
 
作者: 赵玉 主编
分册:  
出版信息: 北京   中国水利水电出版社  2018重印
页数: 263页
开本: 26cm
丛书名:
单 册:
中图分类: G647.9 , R459.7
科图分类:
主题词: 大学生--心理健康--健康教育--高等学校--教材 , 急救--高等学校--教材 , 大学生 , 急救 , 心理健康 , 健康教育
电子资源:
ISBN: 978-7-5170-2327-2
000 01136nam0 2200301 45
001 012001003587
005 20140113155833.0
010    @a978-7-5170-2327-2@dCNY32.00
100    @a20141115d2014 em y0chiy50 ea
101 0  @achi
102    @aCN@b110000
105    @aa z 000yy
106    @ar
200 1  @a新编大学生健康教育与急救教程@9xin bian da xue sheng jian kang jiao yu yu ji jiu jiao cheng@f赵玉主编
210    @a北京@c中国水利水电出版社@d2018重印
215    @a263页@c图@d26cm
330    @a本书较为详细地讲授了现代大学生在学校学习生活中常见的有关健康、心理、预防保健、医疗和卫生防疫等方面的医学常识,具体包括健康的概念与健康教育的意义、心理健康与常见心理问题、校园常见病防治、常见传染病防治、生殖健康与性传播疾病、营养与健康、运动与健康、现场应急救护与实际操作、献血与健康等。
606 0  @a大学生@x心理健康@x健康教育@x高等学校@j教材
606 0  @a急救@x高等学校@j教材
606 0  @a大学生
606 0  @a急救
606 0  @a心理健康
606 0  @a健康教育
690    @aG647.9@v5
690    @aR459.7@v5
701  0 @a赵玉@9zhao yu@4主编
801  0 @aCN@b江苏凤凰@c20191020
905    @b1236509-13@dG647.9@e1482@f5
    
    新编大学生健康教育与急救教程/赵玉主编.-北京:中国水利水电出版社,2018重印
    263页:图;26cm
    
    
    ISBN 978-7-5170-2327-2:CNY32.00
    本书较为详细地讲授了现代大学生在学校学习生活中常见的有关健康、心理、预防保健、医疗和卫生防疫等方面的医学常识,具体包括健康的概念与健康教育的意义、心理健康与常见心理问题、校园常见病防治、常见传染病防治、生殖健康与性传播疾病、营养与健康、运动与健康、现场应急救护与实际操作、献血与健康等。
●
相关链接 在E读中查询图书 在五车中查询图书 在当当中查询图书 在豆瓣中查询图书


正题名:新编大学生健康教育与急救教程     索取号:G647.9/1482         预约/预借

序号 登录号 条形码 馆藏地/架位号 状态 备注
1 1236509   212365091   第一样本阅览室/ [索取号:G647.9/1482] 在馆    
2 1236510   212365108   教育系资料室/ [索取号:G647.9/1482] 在馆    
3 1236511   212365117   教育系资料室/ [索取号:G647.9/1482] 在馆    
4 1236512   212365126   第四借阅区/ [索取号:G647.9/1482] 在馆    
5 1236513   212365135   第四借阅区/ [索取号:G647.9/1482] 在馆    
唐山师范学院图书馆 欢迎您!
大连网信软件有限公司© 版权所有